Mujeres ilustres : (Registro nro. 165421)
[ vista simple ]
| 000 -LEADER | |
|---|---|
| campo de control de longitud fija | 01280nam a22002175i 4500 |
| 001 - NÚMERO DE CONTROL | |
| campo de control | 165421 |
| 003 - IDENTIFICADOR DE NÚMERO DE CONTROL | |
| campo de control | ES-MaACL |
| 005 - FECHA Y HORA DE LA ÚLTIMA TRANSACCIÓN | |
| campo de control | 20230906213132.0 |
| 008 - DATOS DE LONGITUD FIJA--INFORMACIÓN GENERAL | |
| campo de control de longitud fija | 981007m18841885sp 001 0cspa d |
| 080 ## - NÚMERO DE LA CLASIFICACIÓN DECIMAL UNIVERSAL | |
| Número de la Clasificación Decimal Universal | 929-055.2(100) |
| 100 1# - ENTRADA PRINCIPAL--NOMBRE DE PERSONA | |
| Nombre de persona | Sinués, María del Pilar. |
| 9 (RLIN) | 146793 |
| 245 10 - MENCIÓN DEL TÍTULO | |
| Título | Mujeres ilustres : |
| Resto del título | narraciones histórico-biográficas / |
| Mención de responsabilidad, etc. | escritas por María del Pilar Sinués. |
| 260 ## - PUBLICACIÓN, DISTRIBUCIÓN, ETC. | |
| Lugar de publicación, distribución, etc. | Madrid : |
| Nombre del editor, distribuidor, etc. | [s.n.], |
| Fecha de publicación, distribución, etc. | 1884-1885 ( |
| Fabricante | Estab. Tip. de Álvarez Hermanos) |
| 300 ## - DESCRIPCIÓN FÍSICA | |
| Extensión | 2 v. (302 ; 326 p.) ; |
| Dimensiones | 18 cm. |
| 500 ## - NOTA GENERAL | |
| Nota general | Falta v. 1. |
| 505 8# - NOTA DE CONTENIDO CON FORMATO | |
| Nota de contenido con formato | Contiene: [1. María Estuardo, reina de Francia y de Escocia ; Santa Teresa de Jesús, virgen, doctora y fundadora (302 p.)] -- 2. Catalina Gabrielli ; Agripina, princesa romana ; Blanca Capelos, reina de Chipre y gran duquesa de Toscana (302 p.) -- 3. María Josefina Tascher de la Pagerie, vizcondesa de Beauharnaís y emperatriz de Francia ; Juan d'Arc, la doncella de Orleans ; Luisa Maximiliana de Stolberg, princesa Estuardo y condesa de Albay (326 p.) |
| 530 ## - NOTA DISPONIBLE DE FORMULARIO FÍSICO ADICIONAL | |
| Nota de formato físico adicional disponible | Disponible en formato digital la obra completa. |
| 650 #4 - PUNTO DE ACCESO ADICIONAL DE MATERIA--TÉRMINO DE MATERIA | |
| Término de materia o nombre geográfico como elemento de entrada | Mujeres- |
| Subdivisión general | Biografías. |
| 9 (RLIN) | 15255 |
| 852 4# - LOCALIZACIÓN | |
| Ubicación | ES-MaACL |
| Número de control de estantería | D-8805-06 |
| Nota libre | - Enc. cartoné |
| 856 4# - LOCALIZACIÓN Y ACCESO ELECTRÓNICOS | |
| Identificador Uniforme de Recursos | <a href="http://bdh-rd.bne.es/viewer.vm?id=0000067670&page=1 ">http://bdh-rd.bne.es/viewer.vm?id=0000067670&page=1 </a> |
| Nota pública | Biblioteca Digital Hispánica |
| Estatus retirado | Estado de pérdida | Estado de daño | No para préstamo | Colección | Biblioteca de origen | Biblioteca actual | Ubicación en estantería | Fecha de adquisición | Total de préstamos | Signatura topográfica completa | Código de barras | Visto por última vez | Precio de reemplazo | Tipo de ítem Koha |
|---|---|---|---|---|---|---|---|---|---|---|---|---|---|---|
| Colección digital | Biblioteca del Ateneo de Madrid | Biblioteca del Ateneo de Madrid | Sala Valle Inclán | 17/01/2008 | D-8805-06 | 901173466 | 23/02/2023 | 23/02/2023 | Libro impreso antiguo |
